000 00578cam a2200169 4500500
005 20260329002655.0
041 _afre
042 _adc
100 1 0 _aPortevin, Catherine
_eauthor
245 0 0 _aComment vivre ? - une vie de Montaigne en une question et vingt tentatives de réponse
260 _c2013.
500 _a77
690 _aMontaigne
690 _aSarah Bakewell
786 0 _nPhilosophie magazine | 68 | 4 | 2013-04-01 | p. 71-71 | 1951-1787
856 4 1 _uhttps://shs.cairn.info/magazine-philosophie-magazine-2013-4-page-71?lang=fr&redirect-ssocas=7080
999 _c1817278
_d1817278